| 000 | 00984cam a22002174a 4500 | ||
|---|---|---|---|
| 005 | 20250605164100.0 | ||
| 008 | 250528s ||||||||||||||||||||||||d | ||
| 035 | _a17596 | ||
| 020 | _a9780857256331 | ||
| 040 |
_aGR-AtMCL _bgre _dGR-AtMCL _eAACR2 |
||
| 245 | 1 | _aHandling Information for Learning Disability Workers / Supporting the Level 2 and 3 Diplomas in Health and Social Care (Learning Disability Workers) and the Common Induction Standards | |
| 250 | _a1st | ||
| 260 |
_bLearning Matters, _c2011 |
||
| 300 | _a44 | ||
| 520 | _aThis book puts the person with a learning disability at the center of the support you give. Introduction, Understanding Requirements for Handling Information in Health and Social Care Settings, Maintaining Records in Line with Agreed Ways of Working, Supporting Others to Handle Information, Glossary, Index. | ||
| 700 | 1 |
_aBarcham Lesley _93767 |
|
| 700 | 1 |
_aPountney Jackie _93768 |
|
| 942 | _cBK | ||
| 999 |
_c2999 _d2999 |
||